Risultati del Milan in UEFA Europa League 2017-2018 - Statistics

Statistiche generali
  • Questo quiz è stato fatto 9 volte
  • Il punteggio medio è 3 su 10
Statistiche sulle risposte
Hint Risposta % Corretto
Milan - Arsenal 0-2
75%
Arsenal - Milan 3-1
63%
Austria - Milan 1-5
38%
AEK Atene - Milan 0-0
25%
Rijeka - Milan 2-0
25%
Milan - Rijeka 3-2
25%
Milan - Austria Vienna 5-1
25%
Milan - AEK Atene 0-0
13%
Milan - Ludogorec 1-0
13%
Ludogorec - Milan 3-0
0%
Nessun quiz corrispondente trovato
Distribuzione punteggi
Percentuale di utenti per punteggio
Percentile per numero di risposta
I tuoi punteggi nel tempo
Non hai fatto questo quiz